000
00321 a2200157 4500
001
48257
020
_a
978-85-405-0752-4
040
_c
Anchieta - Aquarius
100
_a
Corentin, Philippe
240
1
0
_a
Papai!
_l
245
1
0
_a
Papai!
300
_a
26
362
0
_a
2008
650
4
_a
Literatura infantil
942
_c
BK
999
_c
48257
_d
48257